00549nam a22001577a 450000500170000001000150001702000260003203500140005803700130007208200110008524500520009626000410014827001290018930000260031850000470034420180821160547.0 aENG-123749 a9788170493174c595.00 aEN-107281 bDBAD/PUB a355.02 aElectronic warfare /cby Department of the Army aNew Delhi bManas Publicationsc2011 a4402/5-A, Ansari Road, (Opp. HDFC Bank) Darya Ganj, bNew Delhie110002k011-23260783, 23265523mmanaspublications@yahoo.com a176p.c21cm(Hb)bill. aIt includes Glossary, references and index